Score 0/20 Timer 08:00
5 Plays Today
% Correct
The Office (U.S.)
95.6%
The Fresh Prince of Bel-Air
94.5%
How I Met Your Mother
93.7%
The Simpsons
92.7%
Scrubs
92.4%
Seinfeld
90.6%
Conan
90.1%
30 Rock
89.5%
Saturday Night Live
85.5%
Glee
77%
% Correct
It's Always Sunny in Philadelphia
76.1%
The Colbert Report
73.8%
Boy Meets World
73.5%
Parks and Recreation
71.6%
Breaking Bad
71.4%
American Idol
69.9%
Arrested Development
64.7%
Community
63.7%
The Walking Dead
58.8%
House of Lies
22.7%
Remove Ads.
Support Sporcle.
Get the best of Sporcle when you Go Orange. This ad-free experience offers more features, more stats, and more fun while also helping to support Sporcle. Thank you for becoming a member.

You're not logged in!

Compare scores with friends on all Sporcle quizzes.
OR
Log In

Show Comments

Extras

Top Quizzes Today


Score Distribution

Your Account Isn't Verified!

In order to create a playlist on Sporcle, you need to verify the email address you used during registration. Go to your Sporcle Settings to finish the process.

Report this User

Report this user for behavior that violates our Community Guidelines.

Details: